[Event "IRT Antonio de Padua - ALEX 2016"]
[Site "Rio de Janeiro, RJ - Brazil"]
[Date "2016.10.22"]
[Round "1"]
[White "Khaje Hesamedini, Ali"]
[Black "Lisboa Torres, Eduardo"]
[Result "1-0"]
[WhiteElo "2268"]
[BlackElo "1893"]
[EventRounds "6"]
[EventCountry "BRA"]

1. d4 Nf6 2. c4 g6 3. g3 Bg7 4. Bg2 d6 5. Nf3 O-O 6. Nc3 Nbd7 7. O-O Re8 8. h3
e5 9. e4 exd4 10. Nxd4 Nc5 11. Re1 a5 12. Bf4 Nfd7 13. Be3 Ne5 14. b3 a4 15.
Rb1 axb3 16. axb3 Bd7 17. Qc2 Qc8 18. Kh2 Ned3 19. Red1 Nb4 20. Qd2 Nc6 21.
Ndb5 Ne6 22. f4 Ne7 23. Bf2 Kh8 24. Re1 f5 25. Nd4 fxe4 26. Nxe4 Nf5 27. Nxe6
Bxe6 28. g4 Ne7 29. Bd4 Nc6 30. Bxg7+ Kxg7 31. Qc3+ {#r} 1-0

[Event "IRT Antonio de Padua - ALEX 2016"]
[Site "Rio de Janeiro, RJ - Brazil"]
[Date "2016.10.22"]
[Round "1"]
[White "Lima, Juarez"]
[Black "Rios, Hilton"]
[Result "1-0"]
[WhiteElo "1875"]
[BlackElo "2176"]
[EventRounds "6"]
[EventCountry "BRA"]

1. d4 Nf6 2. g3 g6 3. Nc3 d5 4. Bg2 Bg7 5. Nf3 O-O 6. O-O b6 7. Re1 Bb7 8. Ne5
c5 9. e3 Nc6 10. f4 e6 11. h3 Rc8 12. Kh2 a6 13. a3 b5 14. Ne2 Nxe5 15. dxe5
Nd7 16. c3 f6 17. exf6 Nxf6 18. Ng1 Qe7 19. Bd2 e5 20. Qc2 Ne4 21. Rf1 Kh8 22.
Rae1 Rc7 23. Re2 Qe6 24. Be1 Rcf7 25. Bf3 Nd6 26. b3 Qe7 27. Rd2 Ne4 28. Bxe4
dxe4 29. Bf2 exf4 30. gxf4 Bc8 31. Bg3 g5 32. Rdf2 h6 33. c4 Rf5 34. Kg2 Be6
35. Ne2 R8f6 36. Kh2 bxc4 37. bxc4 Qf7 38. Rc1 Bd7 39. Qxe4 Rg6 40. Qd3 Bc6
41. Nc3 gxf4 42. Rxf4 Rxf4 43. Bxf4 Rf6 44. Rf1 Rf5 45. Qd8+ Kh7 46. Qd3 Kh8
47. Ne2 Qe6 48. Ng3 Rf7 49. Rb1 Rb7 50. Qd8+ Kh7 51. Qd3+ Kh8 52. Rxb7 Bxb7
53. Nf5 Bf8 54. Nh4 Qf6 55. Ng6+ Kg8 56. Nxf8 Qb2+ 57. Kg3 Qg2+ 58. Kh4 Qf2+
59. Kh5 Qf3+ 60. Kxh6 Qxh3+ 61. Kg5 Qg2+ 62. Kf5 Bc8+ 63. Ke5 Qg7+ 64. Kd5
Kxf8 65. Bd6+ Ke8 66. Qe4+ Kd8 67. Kxc5 Bb7 68. Qe5 Qf7 69. e4 Kd7 70. Qf5+
Ke8 71. Kb6 Qg7 72. e5 {#r} 1-0

[Event "IRT Antonio de Padua - ALEX 2016"]
[Site "Rio de Janeiro, RJ - Brazil"]
[Date "2016.10.22"]
[Round "1"]
[White "Parente, Renan Braz"]
[Black "Saraiva, Alexandre Pacheco"]
[Result "1-0"]
[WhiteElo "2126"]
[BlackElo "1847"]
[EventRounds "6"]
[EventCountry "BRA"]

1. e4 c5 2. Nc3 Nc6 3. f4 g6 4. Nf3 Bg7 5. Bb5 Nd4 6. O-O a6 7. Bd3 d6 8. Nxd4
cxd4 9. Ne2 e5 10. Bc4 Nh6 11. d3 Be6 12. Bxe6 fxe6 13. fxe5 dxe5 14. c3 Qd7
15. cxd4 exd4 16. Qb3 O-O-O 17. Bd2 Kb8 18. Nf4 Rhe8 19. Rac1 Ng4 20. Rc5 Bf8
21. Ra5 Ka7 22. h3 b6 23. Nd5 Rb8 24. Qc4 bxa5 25. Qxd4+ Kb7 26. Qb6+ {#r} 1-0

[Event "IRT Antonio de Padua - ALEX 2016"]
[Site "Rio de Janeiro, RJ - Brazil"]
[Date "2016.10.22"]
[Round "1"]
[White "Oliveira da Silva, Claudio"]
[Black "Zacarias, Rodrigo Medeiros"]
[Result "0-1"]
[WhiteElo "1841"]
[BlackElo "2112"]
[EventRounds "6"]
[EventCountry "BRA"]

1. d4 Nf6 2. c4 g6 3. Nc3 d5 4. cxd5 Nxd5 5. e4 Nxc3 6. bxc3 Bg7 7. Nf3 c5 8.
Be3 Qa5 9. Qb3 O-O 10. Be2 Be6 11. Bc4 Bxc4 12. Qxc4 cxd4 13. Bxd4 Bxd4 14.
Nxd4 Na6 15. Nb3 Qa3 16. O-O Rac8 17. Qb5 b6 18. Qd7 Rc7 19. Qd3 Rfc8 20. Rfc1
Nc5 21. Nxc5 Rxc5 22. h3 Rxc3 23. Rxc3 Qxc3 24. Qd1 Qc7 25. Qd2 Rd8 26. Qb2
Qc4 27. Re1 Qd4 28. Qc2 e5 29. Qc7 Rd7 30. Qc6 Kg7 31. Kf1 Qd3+ 32. Kg1 Qd4
33. Kf1 Qd6 34. Qc8 Qc7 35. Qe8 Rd2 36. a3 Qc5 37. Re3 Qc1+ 38. Re1 Qb2 {#R}
0-1

[Event "IRT Antonio de Padua - ALEX 2016"]
[Site "Rio de Janeiro, RJ - Brazil"]
[Date "2016.10.22"]
[Round "1"]
[White "Salles, Marvio Darilho"]
[Black "Goncalves, Luiz Oswaldo Cifuentes"]
[Result "0-1"]
[WhiteElo "2063"]
[BlackElo "1826"]
[EventRounds "6"]
[EventCountry "BRA"]

1. e4 e6 2. d4 d5 3. Be3 dxe4 4. Nd2 Nf6 5. f3 Nd5 6. Qe2 Nc6 7. c3 Nxe3 8.
Qxe3 exf3 9. Ngxf3 Be7 10. O-O-O O-O 11. h4 Bf6 12. g4 g6 13. Ne4 Bg7 14. g5
Ne7 15. Bc4 Nf5 16. Qe1 b5 17. Bb3 Bb7 18. h5 Bxe4 19. Qxe4 Ng3 20. Qh4 Nxh1
21. Rxh1 Re8 22. hxg6 hxg6 23. Qh7+ Kf8 24. Rf1 c5 25. Bc2 cxd4 26. Bxg6 dxc3
27. Bxf7 cxb2+ 28. Kb1 Rc8 29. Ne5 Rc1+ 30. Kxb2 Qd2+ {#R} 0-1

[Event "IRT Antonio de Padua - ALEX 2016"]
[Site "Rio de Janeiro, RJ - Brazil"]
[Date "2016.10.22"]
[Round "1"]
[White "Garcia Perez, Bruno"]
[Black "Manzi, Luiz Antonio Bardaro"]
[Result "0-1"]
[WhiteElo "1812"]
[BlackElo "2051"]
[EventRounds "6"]
[EventCountry "BRA"]

1. c4 Nf6 2. Nc3 e6 3. g3 d5 4. cxd5 exd5 5. Bg2 Be7 6. d3 O-O 7. Nf3 c5 8.
Bg5 Nc6 9. O-O h6 10. Bxf6 Bxf6 11. Qb3 Ne7 12. e4 Bxc3 13. Qxc3 b6 14. a4 d4
15. Qc2 Nc6 16. Rfd1 a5 17. Qd2 Nb4 18. Ne5 Be6 19. Ra3 Ra7 20. f4 Re8 21. Rc1
f5 22. exf5 Bxf5 23. Rb3 Qf6 24. Rxb4 axb4 25. Ra1 Rae7 26. Bd5+ Kh7 27. Re1
Rxe5 28. fxe5 Rxe5 29. Be4 Bxe4 30. dxe4 Qf3 31. Qf4 Qxf4 32. gxf4 Re6 33. Kf2
c4 34. f5 Re5 35. Kf3 g5 36. Rd1 c3 37. b3 d3 38. Rxd3 c2 39. Rd7+ Kg8 40. f6
c1=Q {#R} 0-1

[Event "IRT Antonio de Padua - ALEX 2016"]
[Site "Rio de Janeiro, RJ - Brazil"]
[Date "2016.10.22"]
[Round "1"]
[White "Souza, Iago Henrique da Silva"]
[Black "Rodriguez, Ricardo Tuttle"]
[Result "1-0"]
[WhiteElo "2046"]
[BlackElo "1812"]
[EventRounds "6"]
[EventCountry "BRA"]

1. e4 Nf6 2. e5 Nd5 3. d4 d6 4. c4 Nb6 5. exd6 cxd6 6. Nc3 g6 7. Be3 Bg7 8.
Rc1 O-O 9. Be2 Nc6 10. Nf3 Bf5 11. b3 Bg4 12. d5 Ne5 13. Nxe5 Bxe2 14. Nxf7
Bxd1 15. Nxd8 Bxb3 16. axb3 Rfxd8 17. Nb5 Nc8 18. Nc7 Rb8 19. Ne6 Rd7 20. Nxg7
Kxg7 21. Bd4+ Kf7 22. Rc3 Rd8 23. O-O Rf8 24. h4 b6 25. Re1 Rb7 26. Be3 Kg7
27. Bd4+ Kf7 28. Re6 Rd7 29. Rce3 Rdd8 30. h5 Rg8 31. h6 Rdf8 32. Bg7 Rd8 33.
g4 Ke8 34. f4 b5 35. f5 gxf5 36. gxf5 bxc4 37. bxc4 Kf7 38. f6 Rd7 39. Rf3
{#r} 1-0

[Event "IRT Antonio de Padua - ALEX 2016"]
[Site "Rio de Janeiro, RJ - Brazil"]
[Date "2016.10.22"]
[Round "1"]
[White "Rodrigues, Flavio Jose"]
[Black "Fucs, Paulo Moses"]
[Result "0-1"]
[WhiteElo "1802"]
[BlackElo "2044"]
[EventRounds "6"]
[EventCountry "BRA"]

1. e4 c5 2. Nf3 a6 3. d4 cxd4 4. Nxd4 d6 5. Nc3 Nf6 6. f3 e5 7. Nb3 Be6 8. Be3
Nc6 9. Be2 d5 10. exd5 Nxd5 11. Nxd5 Qxd5 12. Qxd5 Bxd5 13. Kf2 f5 14. Rhd1
O-O-O 15. Bb6 Rd7 16. Nc5 Bxc5+ 17. Bxc5 Re8 18. c3 Nd8 19. c4 Bc6 20. Rxd7
Kxd7 21. Rd1+ Kc8 22. Bd3 e4 23. fxe4 fxe4 24. Be2 Bd7 25. Ke3 Ne6 26. Bd6 Ng5
27. h4 Nf7 28. Bf4 h6 29. Rd4 g5 30. hxg5 hxg5 31. Bg3 Nh6 32. Rd1 Nf5+ 33.
Kf2 Rf8 34. Be5 Nd4+ 35. Ke3 Nxe2 36. Kxe2 Bg4+ 37. Ke1 Bxd1 38. Kxd1 Rf2 39.
g3 Kd7 40. Ke1 Rc2 41. Bc3 Ke6 {#R} 0-1

[Event "IRT Antonio de Padua - ALEX 2016"]
[Site "Rio de Janeiro, RJ - Brazil"]
[Date "2016.10.22"]
[Round "1"]
[White "Santos Filho, Tadeu Sousa"]
[Black "Pereira, Marcos Luciano"]
[Result "1/2-1/2"]
[WhiteElo "2043"]
[BlackElo "1750"]
[EventRounds "6"]
[EventCountry "BRA"]

1. e4 e5 2. Nc3 Nc6 3. Bc4 d6 4. d3 Nf6 5. f4 a6 6. Nf3 Bg4 7. h3 Bxf3 8. Qxf3
b5 9. Bb3 Nd4 10. Qf2 a5 11. a4 Nxb3 12. cxb3 b4 13. Ne2 Nd7 14. Be3 Be7 15.
O-O O-O 16. g4 Bh4 17. Qg2 exf4 18. Nxf4 Bg5 19. Rae1 Bxf4 20. Rxf4 Ne5 21.
Rd1 Ng6 22. Rff1 Qe7 23. Bd4 Qe6 24. Qc2 c5 25. Be3 Qe5 26. Qh2 f6 27. Rf5 Qe6
28. Qc2 Nh4 29. Rf2 h5 30. Qc4 Kf7 31. g5 Ke7 32. Qxe6+ Kxe6 33. d4 fxg5 34.
dxc5 dxc5 35. Rxf8 Rxf8 36. Bxc5 Rf3 37. Rd5 Rxh3 38. Bf8 Rxb3 39. Bxg7 Nf3+
40. Kf2 h4 41. Rxa5 Nd2 42. Ke2 Nxe4 43. Ra6+ Kf7 44. Be5 h3 45. Rh6 g4 46. a5
g3 47. Rxh3 g2 48. Rh7+ Ke6 49. Bh2 Rxb2+ 50. Ke3 Nc5 51. Rh5 Nd7 52. a6 Ra2
53. Rg5 {#d} 1/2-1/2

[Event "IRT Antonio de Padua - ALEX 2016"]
[Site "Rio de Janeiro, RJ - Brazil"]
[Date "2016.10.22"]
[Round "1"]
[White "Mesquita, Arnaldo Leite"]
[Black "Rodrigues, Nei Jorge"]
[Result "0-1"]
[WhiteElo "1725"]
[BlackElo "2036"]
[EventRounds "6"]
[EventCountry "BRA"]

1. c4 e6 2. Nf3 d5 3. e3 c5 4. cxd5 exd5 5. d4 Nc6 6. Nc3 Nf6 7. Bb5 Bd6 8.
dxc5 Bxc5 9. O-O O-O 10. Bxc6 bxc6 11. Nd4 Qd6 12. h3 Bd7 13. a3 Rfe8 14. b4
Bb6 15. Nce2 Bc7 16. Ng3 Ne4 17. Nde2 h5 18. f4 Qf6 19. Ra2 Qg6 20. Qe1 Nd6
21. Qf2 h4 22. Nh1 Ne4 23. Qf3 a5 24. Rc2 axb4 25. axb4 Nd6 26. Nd4 Bb6 27. f5
Qf6 28. Nxc6 Nc4 29. Rxc4 dxc4 30. b5 Rac8 31. Nf2 Qxf5 32. Ne4 Rxe4 33. Qxf5
Bxf5 34. Rxf5 c3 35. Kf2 Ra8 36. Ke2 Ra1 37. Kd3 Re6 38. Kc2 Bxe3 39. Bxe3
Rxe3 40. Rd5 Ra2+ 41. Kb3 c2+ {#R} 0-1

[Event "IRT Antonio de Padua - ALEX 2016"]
[Site "Rio de Janeiro, RJ - Brazil"]
[Date "2016.10.22"]
[Round "1"]
[White "Simoes, Leo Ramos"]
[Black "Rovedo, Salomao"]
[Result "1-0"]
[WhiteElo "2010"]
[BlackElo "1681"]
[EventRounds "6"]
[EventCountry "BRA"]

1. d4 Nf6 2. Nf3 e6 3. g3 d5 4. Bg2 Be7 5. O-O O-O 6. b3 b6 7. Bb2 Bb7 8. Nbd2
c5 9. c4 cxd4 10. Nxd4 Nc6 11. e3 Nxd4 12. exd4 Rc8 13. a3 Ba6 14. Rc1 Qd7 15.
Re1 dxc4 16. Nxc4 Bb7 17. Ne5 Rxc1 18. Qxc1 Qc8 19. Qxc8 Bxc8 20. Nc6 Re8 21.
Nxa7 Bd7 22. Rc1 Nd5 23. Nc6 Rc8 24. Bxd5 {#r} 1-0

[Event "IRT Antonio de Padua - ALEX 2016"]
[Site "Rio de Janeiro, RJ - Brazil"]
[Date "2016.10.22"]
[Round "1"]
[White "Pinon, Antonio Marcos"]
[Black "Ramos, Angelo Bil"]
[Result "0-1"]
[WhiteElo "1625"]
[BlackElo "2006"]
[EventRounds "6"]
[EventCountry "BRA"]

1. d4 Nf6 2. c4 g6 3. Nc3 d5 4. cxd5 Nxd5 5. e4 Nxc3 6. bxc3 Bg7 7. Nf3 c5 8.
Be3 Qa5 9. e5 cxd4 10. Qxd4 Nc6 11. Qc5 Qxc5 12. Bxc5 Nxe5 13. Bb5+ Bd7 14.
Bxd7+ Nxd7 15. Bd4 e5 16. Be3 O-O 17. Rd1 Nb6 18. Bxb6 axb6 19. Rd2 Ra3 20.
O-O Rxc3 21. Rd7 Rb8 22. Ng5 f6 23. Ne6 Bh6 24. Nd8 Rbc8 25. Nxb7 R3c7 26.
Rxc7 Rxc7 27. Nd6 Bf8 28. Ne4 Kf7 29. h3 f5 30. Ng5+ Kf6 31. Nf3 Rc2 32. Rb1
Bc5 33. Rf1 e4 34. Ne1 Rxa2 35. g4 fxg4 36. hxg4 Kg5 37. Ng2 Kxg4 38. Kh1 Bxf2
39. Rb1 Ra3 {#R} 0-1

[Event "IRT Antonio de Padua - ALEX 2016"]
[Site "Rio de Janeiro, RJ - Brazil"]
[Date "2016.10.22"]
[Round "1"]
[White "Okamura, Milton Kasuo"]
[Black "Gomes, Pedro Pessoa"]
[Result "1-0"]
[WhiteElo "2004"]
[BlackElo "1621"]
[EventRounds "6"]
[EventCountry "BRA"]

1. d4 Nf6 2. c4 g6 3. Nc3 d5 4. Bf4 c6 5. e3 Bg7 6. Nf3 O-O 7. Bd3 dxc4 8.
Bxc4 Bf5 9. O-O Nbd7 10. h3 Nb6 11. Bb3 Nbd5 12. Be5 Nxc3 13. bxc3 Nd5 14. Qd2
Qa5 15. Rac1 Rfd8 16. Rfe1 Bxe5 17. Nxe5 Be6 18. e4 Nc7 19. Qf4 Bxb3 20. axb3
f6 21. Nc4 e5 22. Qxf6 Qa2 23. Qxe5 Qxb3 24. Na5 Qf7 25. Nxb7 Rf8 26. Qg3 Rab8
27. Rb1 Nb5 28. Nc5 Rbe8 29. Rb2 Re7 30. Qd3 Nd6 31. Ra1 Nc4 32. Re2 Rd8 33.
Ra6 Ne5 34. Qg3 Qc4 35. Rea2 Rb8 36. Ra1 Ra8 37. Qe3 Nd7 38. Rxa7 {#r} 1-0

[Event "IRT Antonio de Padua - ALEX 2016"]
[Site "Rio de Janeiro, RJ - Brazil"]
[Date "2016.10.22"]
[Round "1"]
[White "Silva, Joao Paulo Gomes"]
[Black "Soares, Estevao Luiz"]
[Result "1/2-1/2"]
[WhiteElo "1598"]
[BlackElo "1991"]
[EventRounds "6"]
[EventCountry "BRA"]

1. Nf3 Nf6 2. c4 g6 3. g3 Bg7 4. Bg2 O-O 5. O-O d6 6. Nc3 Nc6 7. d4 Na5 8. Nd2
c5 9. d5 a6 10. a4 Rb8 11. Qc2 Bd7 12. Re1 b5 13. axb5 axb5 14. b3 b4 15. Nd1
e6 16. e4 Nh5 17. Bb2 e5 18. Ne3 f5 19. exf5 gxf5 20. Bh3 e4 21. Bxg7 Nxg7 22.
Bg2 Ra8 23. f4 Qf6 24. Ra2 Nb7 25. Rea1 Qxa1+ 26. Rxa1 Rxa1+ 27. Ndf1 Rfa8 28.
Qb2 Kf7 29. Nc2 R8a2 30. Qxa1 Rxa1 31. Nxa1 Na5 32. Ne3 Nh5 33. Bh3 Kf6 34.
Kf2 Ng7 35. Ng2 Ba4 36. bxa4 b3 37. Nxb3 Nxb3 38. Ne3 h5 39. Bf1 Ke7 40. h4
Kd7 41. Bh3 Nd4 42. a5 Kc7 43. Ke1 Kb7 44. Kd2 Ka6 45. Bf1 Kxa5 46. Kc3 Ne8
47. Nc2 Nxc2 48. Kxc2 Kb4 49. Be2 Nf6 50. Kb2 Ng4 51. Kc1 Nf6 52. Kb2 Ng4 53.
Kc1 Nf6 54. Kb2 {#d} 1/2-1/2

[Event "IRT Antonio de Padua - ALEX 2016"]
[Site "Rio de Janeiro, RJ - Brazil"]
[Date "2016.10.22"]
[Round "1"]
[White "Baeta, Marcio Netto"]
[Black "Luz da Costa, Carlos Henrique"]
[Result "1-0"]
[WhiteElo "1971"]
[BlackElo "1544"]
[EventRounds "6"]
[EventCountry "BRA"]

1. e4 e6 2. Nf3 d5 3. e5 Ne7 4. d4 Nf5 5. Bd3 c5 6. c3 Nc6 7. dxc5 Bxc5 8. b4
Bb6 9. a4 a5 10. b5 Nce7 11. O-O Bd7 12. Ba3 Rc8 13. Re1 O-O 14. g4 Nh6 15.
Ng5 Ng6 16. h4 Bc5 17. Bxc5 Rxc5 18. Nxh7 Qxh4 19. Nxf8 Kxf8 20. Bxg6 fxg6 21.
Qf3+ Nf7 22. Nd2 Kg8 23. Rac1 Qg5 24. Qe2 Qf4 25. Kg2 Nh6 26. c4 Nxg4 27. Nf3
b6 28. Qd2 Rxc4 29. Rxc4 Qxc4 30. Qg5 Be8 31. Rc1 Qxa4 32. Qe7 Ne3+ 33. fxe3
Qg4+ 34. Kf2 Bxb5 35. Qd8+ Kf7 36. Rc7+ {#r} 1-0

[Event "IRT Antonio de Padua - ALEX 2016"]
[Site "Rio de Janeiro, RJ - Brazil"]
[Date "2016.10.22"]
[Round "1"]
[White "Weibull, Oscar"]
[Black "Soares, Joao Carlos T. C."]
[Result "1-0"]
[WhiteElo "1435"]
[BlackElo "1964"]
[EventRounds "6"]
[EventCountry "BRA"]

1. d4 f5 2. Nc3 Nf6 3. Bg5 d5 4. Bxf6 exf6 5. a3 c6 6. e3 Bd6 7. Bd3 Be6 8.
Nh3 Qc7 9. f4 Nd7 10. O-O O-O 11. b4 a5 12. b5 c5 13. Re1 Rfe8 14. Na4 c4 15.
Be2 Nb6 16. Nc3 a4 17. Kh1 Qe7 18. Qc1 Bc7 19. Qd1 Nc8 20. Nb1 Nd6 21. Rg1 Bd7
22. Nc3 Qf7 23. Bf3 Ne4 24. Bxe4 fxe4 25. g4 Ba5 26. Ne2 Bxb5 27. c3 Bd7 28.
Qf1 Ra6 29. f5 Rb6 30. Rb1 Rb3 31. Nhf4 b6 32. Qh3 Rxa3 33. g5 fxg5 34. Rxg5
Re7 35. Rbg1 Bxc3 36. Rh5 Kf8 37. Rxh7 Qxf5 38. Rh8+ Kf7 39. Rxg7+ Kxg7 40.
Qh6+ {#r} 1-0

[Event "IRT Antonio de Padua - ALEX 2016"]
[Site "Rio de Janeiro, RJ - Brazil"]
[Date "2016.10.22"]
[Round "1"]
[White "De Deus Filho, Joaquim"]
[Black "Da Luz, Luiz Alberto"]
[Result "1-0"]
[WhiteElo "1954"]
[BlackElo "1410"]
[EventRounds "6"]
[EventCountry "BRA"]

1. f4 Nf6 2. b3 b6 3. Bb2 Bb7 4. e3 c5 5. Nf3 Na6 6. Bc4 Nc7 7. O-O d5 8. Be2
e6 9. Ne5 d4 10. Bf3 Bxf3 11. Qxf3 Qd5 12. exd4 cxd4 13. Qxd5 Ncxd5 14. Bxd4
Rc8 15. c3 Bc5 16. Bxc5 Rxc5 17. b4 Rc7 18. Na3 O-O 19. Nb5 Rb7 20. Rae1 a6
21. Nd6 Rc7 22. Ne4 Nxe4 23. Rxe4 Nf6 24. Rc4 Rfc8 25. Rxc7 Rxc7 26. Re1 Nd7
27. Kf2 Nxe5 28. Rxe5 Kf8 29. a4 Rc4 30. Ke3 Ke7 31. Re4 Rc6 32. Kd3 f5 33.
Rc4 Rd6+ 34. Ke3 b5 35. Rc7+ Kf6 36. a5 h6 37. Rb7 g5 38. fxg5+ hxg5 39. Rb6
Ke7 40. g3 g4 41. Rb8 Kf6 42. d4 Ke7 43. Rb6 Kd7 44. Kd3 Kc7 45. Rxd6 Kxd6 46.
c4 Kc6 47. cxb5+ axb5 48. Ke3 {#r} 1-0

[Event "IRT Antonio de Padua - ALEX 2016"]
[Site "Rio de Janeiro, RJ - Brazil"]
[Date "2016.10.22"]
[Round "1"]
[White "Ribeiro Junior, Sairo Jose Mallet"]
[Black "Almeida, Gianluca Jorio"]
[Result "0-1"]
[WhiteElo "1805"]
[BlackElo "1925"]
[EventRounds "6"]
[EventCountry "BRA"]

1. e4 c5 2. Nf3 Nc6 3. g3 Nf6 4. d3 e6 5. Bg2 Be7 6. O-O d5 7. e5 Nd7 8. Re1
O-O 9. c3 b5 10. a4 b4 11. c4 dxc4 12. dxc4 Bb7 13. a5 Ndb8 14. Nfd2 Nxa5 15.
Bxb7 Nxb7 16. Qf3 Qc7 17. Nb3 Nc6 18. N1d2 a5 19. Nf1 a4 20. Nbd2 Nd4 21. Qe4
Qc6 22. Qxc6 Nxc6 23. Nf3 Rfd8 24. N1d2 Nd4 25. Nxd4 cxd4 26. Ne4 f5 27. exf6
gxf6 28. f4 Kf7 29. Kf1 f5 30. Nd2 Bf6 31. Nf3 d3 32. Rd1 Nc5 33. Ne5+ Bxe5
34. fxe5 Nb3 35. Ra2 d2 36. Bxd2 Rxd2 37. Rxd2 Nxd2+ 38. Ke2 Nxc4 {#R} 0-1

[Event "IRT Antonio de Padua - ALEX 2016"]
[Site "Rio de Janeiro, RJ - Brazil"]
[Date "2016.10.22"]
[Round "2"]
[White "Almeida, Gianluca Jorio"]
[Black "Khaje Hesamedini, Ali"]
[Result "1/2-1/2"]
[WhiteElo "1925"]
[BlackElo "2268"]
[EventRounds "6"]
[EventCountry "BRA"]

1. d4 Nf6 2. c4 c5 3. d5 e6 4. Nc3 exd5 5. cxd5 d6 6. e4 g6 7. f4 Bg7 8. Nf3
O-O 9. Be2 Re8 10. Nd2 Na6 11. O-O Rb8 12. Qc2 Nc7 13. a4 Na6 14. Bf3 Nb4 15.
Qd1 b6 16. Nc4 Ba6 17. Qb3 Rb7 18. Rd1 Rbe7 19. e5 Bxc4 20. Qxc4 dxe5 21. fxe5
Rxe5 22. Bf4 Rf5 23. g4 Rxf4 24. Qxf4 Nd7 25. d6 Nc2 26. Bd5 Rf8 27. Rac1 Be5
28. Qh6 Nd4 29. Rd3 Bg7 30. Qf4 Ne5 31. Re3 Qxd6 32. Rf1 Kh8 33. Kh1 f5 34. g5
a6 35. Rh3 h5 36. gxh6 Bf6 37. h7 b5 38. Rg1 Bg7 39. Rhg3 Rd8 40. Qh4 Rd7 41.
Rxg6 Nxg6 42. Qh5 Nf8 43. Bf7 Qf6 44. Be8 Re7 45. Nd5 Qe5 46. Nxe7 Qxe7 47.
Bf7 Qe5 48. Ba2 c4 49. axb5 axb5 50. Qf7 Nxh7 51. Bb1 Qf6 52. Qe8+ Nf8 53. Rg3
Qc6+ 54. Qxc6 Nxc6 55. b3 cxb3 56. Rxb3 Nd4 57. Rh3+ Nh7 58. Rh5 b4 59. Bxf5
Nxf5 60. Rxf5 b3 61. Rb5 b2 62. Rb8+ Nf8 63. Kg2 Kh7 64. Kf3 Nd7 65. Rb5 Nc5
66. Ke2 {#d} 1/2-1/2

[Event "IRT Antonio de Padua - ALEX 2016"]
[Site "Rio de Janeiro, RJ - Brazil"]
[Date "2016.10.22"]
[Round "2"]
[White "Petrenko, Willy"]
[Black "Parente, Renan Braz"]
[Result "0-1"]
[WhiteElo "1913"]
[BlackElo "2126"]
[EventRounds "6"]
[EventCountry "BRA"]

1. e4 c5 2. g3 d5 3. Bg2 dxe4 4. Bxe4 Nf6 5. Bg2 Nc6 6. d3 Bg4 7. f3 Bf5 8.
Ne2 e5 9. Nbc3 Be7 10. Be3 O-O 11. O-O Qd7 12. Ne4 Nd5 13. Bf2 b6 14. N2c3 Nc7
15. Qe2 Be6 16. b3 f5 17. Nd2 Bf6 18. Rac1 Rad8 19. Ndb1 Nd4 20. Bxd4 exd4 21.
Nd1 f4 22. Nd2 Nd5 23. Ne4 Rde8 24. Qd2 Be5 25. Re1 Qc7 26. g4 Ne3 27. c4 h5
28. h3 Qe7 29. Qf2 Bc8 30. Re2 Bb7 31. Nd2 Bf6 32. Qe1 hxg4 33. hxg4 Kf7 34.
Nxe3 Bh4 35. Qd1 dxe3 36. Ne4 Rd8 37. Qc2 Rh8 38. Rd1 Rd4 39. b4 Bxe4 40. dxe4
Qd8 41. Rxd4 Qxd4 42. Bf1 Bf2+ 43. Kg2 Qd8 44. Rxf2 Qh4 {#R} 0-1

[Event "IRT Antonio de Padua - ALEX 2016"]
[Site "Rio de Janeiro, RJ - Brazil"]
[Date "2016.10.22"]
[Round "2"]
[White "Zacarias, Rodrigo Medeiros"]
[Black "Okamura, Milton Kasuo"]
[Result "0-1"]
[WhiteElo "2112"]
[BlackElo "2004"]
[EventRounds "6"]
[EventCountry "BRA"]

1. e4 c5 2. Nf3 e6 3. d4 cxd4 4. Nxd4 Nc6 5. Nc3 Qc7 6. Be2 a6 7. O-O Nf6 8.
Nxc6 bxc6 9. Bg5 Be7 10. Qd4 d6 11. Rad1 Rb8 12. f4 O-O 13. b3 e5 14. Qd2 Rd8
15. f5 Bb7 16. g4 d5 17. Bxf6 Bxf6 18. g5 Be7 19. Bd3 Qb6+ 20. Kh1 Bb4 21. g6
dxe4 22. gxf7+ Kh8 23. f6 g6 24. f8=Q+ Bxf8 25. Nxe4 c5 26. Qg5 Qc7 27. Rde1
Rd4 28. Kg1 c4 29. bxc4 Re8 30. f7 Red8 31. Qf6+ Bg7 32. Qe6 Rf8 33. Re3 Bc8
34. Qe8 Rd8 35. Qa4 Rxf7 36. Rxf7 Qxf7 37. c5 Rd4 38. Qb3 Qf4 39. Re2 Rd8 40.
Qb6 Rf8 41. Rf2 Qe3 42. Qb4 Bh3 43. Qd2 Bh6 44. Kh1 Qxd2 45. Rxf8+ Bxf8 46.
Nxd2 a5 47. c6 Bd6 48. Ne4 Bc7 49. Nc5 Kg7 50. Na6 Bb6 51. Be4 Bc8 52. Bd3 Kf6
53. Bb5 Ke7 54. a4 Kd6 55. Kg2 Bf5 56. Nb8 Bxc2 57. Nd7 Be4+ 58. Kf1 Bd8 59.
Nb8 Bc7 60. Nd7 Bd8 61. Nb8 h6 62. Nd7 g5 63. Ke2 g4 64. Ke3 Bd5 65. c7 Bxc7
66. Nf6 Bb6+ 67. Kd3 Bf3 68. Bd7 e4+ 69. Kc2 Bd4 {#R} 0-1

[Event "IRT Antonio de Padua - ALEX 2016"]
[Site "Rio de Janeiro, RJ - Brazil"]
[Date "2016.10.22"]
[Round "2"]
[White "Manzi, Luiz Antonio Bardaro"]
[Black "Baeta, Marcio Netto"]
[Result "0-1"]
[WhiteElo "2051"]
[BlackElo "1971"]
[EventRounds "6"]
[EventCountry "BRA"]

1. d4 Nf6 2. Nf3 c5 3. d5 g6 4. Nc3 d6 5. e4 Bg7 6. Be2 O-O 7. O-O Na6 8. h3
Nc7 9. a4 b6 10. Re1 e5 11. dxe6 Nxe6 12. Bc4 Bb7 13. Nd5 Nxd5 14. Bxd5 Bxd5
15. exd5 Nd4 16. c3 Nf5 17. Bf4 h6 18. Qd3 Qc7 19. Re2 c4 20. Qd2 g5 21. Bh2
Rfe8 22. Rae1 Qd7 23. g4 Ne7 24. Re4 f5 25. Rxc4 fxg4 26. hxg4 Ng6 27. Nd4
Qxg4+ 28. Kh1 Nh4 29. Rg1 Qe4+ 30. f3 Qxd5 31. Qd3 Bxd4 32. cxd4 Qxf3+ 33.
Qxf3 Nxf3 34. Rgc1 Rad8 35. d5 Re2 36. Bg3 h5 37. R1c2 Rxc2 38. Rxc2 h4 39.
Kg2 Nd4 40. Rc4 Nf5 41. Bf2 Kf7 42. Rc7+ Kf6 43. Rxa7 Rc8 44. Rb7 g4 45. Bxh4+
Nxh4+ 46. Kg3 Kg5 47. Rg7+ Ng6 48. Rd7 Nh4 49. Rg7+ Ng6 50. Rd7 Rc2 51. Rxd6
Rxb2 52. Rd8 Rb3+ 53. Kg2 Rb4 54. d6 Rxa4 55. d7 Rd4 56. Rb8 Rxd7 57. Rxb6
Nf4+ 58. Kf1 g3 59. Rb1 Kg4 60. Kg1 Rd2 61. Kh1 Kh3 62. Kg1 Ne2+ 63. Kf1 g2+
{#R} 0-1

[Event "IRT Antonio de Padua - ALEX 2016"]
[Site "Rio de Janeiro, RJ - Brazil"]
[Date "2016.10.22"]
[Round "2"]
[White "Goncalves, Luiz Oswaldo Cifuentes"]
[Black "Souza, Iago Henrique da Silva"]
[Result "0-1"]
[WhiteElo "1826"]
[BlackElo "2046"]
[EventRounds "6"]
[EventCountry "BRA"]

1. e4 c6 2. Nf3 d5 3. exd5 cxd5 4. d4 Nf6 5. h3 Nc6 6. Bd3 g6 7. Be3 Bg7 8.
O-O O-O 9. Nc3 Bf5 10. a3 Ne4 11. Ne2 Nd6 12. Ng3 Bxd3 13. Qxd3 Rc8 14. b3 f5
15. Bf4 Ne4 16. Rad1 e6 17. c4 g5 18. Be5 Nxe5 19. Nxe5 dxc4 20. bxc4 Bxe5 21.
dxe5 Qxd3 22. Rxd3 Rxc4 23. Rd7 Nxg3 24. fxg3 Rf7 25. Rfd1 Rc7 26. Rd8+ Kg7
27. a4 Rc5 28. Re1 Rc4 29. Re8 Rxa4 30. Rxe6 Re4 31. Ra1 b5 32. Ra5 Rb7 33.
Re8 Ra4 34. Rxa4 bxa4 35. Re6 a5 36. Rd6 a3 {#R} 0-1